000 00319nam a2200121Ia 4500
008 240624s9999 xx 000 0 und d
041 _aeng
082 _a382.6 CHE
100 _aCHERUNILAM FRANCIS
245 _aINTERNATIONAL TRADE AND EXPORT MANAGEMEN
260 _c2005
_aMumbai
_bHimalaya
300 _a524 : p. : cm. ; 26
999 _c2656
_d2656